Dowry deaths in Delhi their causes factors, investigations & the law (Record no. 501345)

000 -LEADER
fixed length control field 00485cam a22001577a 4500
008 - FIXED-LENGTH DATA ELEMENTS--GENERAL INFORMATION
fixed length control field 180718b1984 xxu||||| |||| 00| 0 eng d
082 ## - DEWEY DECIMAL CLASSIFICATION NUMBER
Classification number APPPA 83-84 RAO
100 ## - MAIN ENTRY--PERSONAL NAME
Personal name Rao, Haridas
245 ## - TITLE STATEMENT
Title Dowry deaths in Delhi their causes factors, investigations & the law
Statement of responsibility, etc. by Haridas Rao
260 ## - PUBLICATION, DISTRIBUTION, ETC.
Place of publication, distribution, etc. New Delhi
Name of publisher, distributor, etc. Indian Institute of Public Administration
Date of publication, distribution, etc. 1984
300 ## - PHYSICAL DESCRIPTION
Extent 172p.
650 ## - SUBJECT ADDED ENTRY--TOPICAL TERM
Topical term or geographic name entry element Law
650 ## - SUBJECT ADDED ENTRY--TOPICAL TERM
Topical term or geographic name entry element Investigations
650 ## - SUBJECT ADDED ENTRY--TOPICAL TERM
Topical term or geographic name entry element Causes factors
650 ## - SUBJECT ADDED ENTRY--TOPICAL TERM
Topical term or geographic name entry element Dowry deaths-Delhi
Holdings
Withdrawn status Lost status Damaged status Not for loan Permanent Location Current Location Date acquired Full call number Barcode Date last seen Price effective from Koha item type
        Indian Institute of Public Administration Indian Institute of Public Administration 2018-08-04 APPPA 83-84 RAO GR11388 2018-08-04 2018-08-04 GR

Powered by Koha